000 03953nam a22005297a 4500
001 B-262023-042
003 dpl
005 20080602112520.0
008 080602t xxu||||| |||| 00| 0 eng d
010 _aB-262023-042
020 _a1741119529
_c199.00
035 _aB-262023-042
037 _a43778 dt/ 22.4.2008
_bSuper Book Distributors/22.4.08/27/8.4.08/19.5.08/199.00/
040 _aDPL
_bEN
082 _aS
245 _aDisney Princess /
_cadapted by Jill Groves
260 _aAustralia
_bfuntastic
_c2005
260 _aNew Delhi
_bSuper Book Distributors
270 _a800 Wellington Road, Rowville, Victoria 3178
_bAustralia
270 _aF-1/16, Basement Ansari Road, Darya Ganj
_bNew Delhi
300 _av 1. (96p.)
_bcol. ill.
_c27cm.(Hb)
490 _aClassic story book collection
700 _aGroves, Jill
942 _2ddc
_cCH
_hS
_mDIS
999 _c13463
_d13463